Чтение с увлечением (Запись № 226980)

Подробности
000 -МАРКЕР
контрольное поле 01380nam0a2200373 4500
001 - ИДЕНТИФИКАТОР ЗАПИСИ
контрольное поле RU\NLR\bibl\1249632
005 - ИДЕНТИФИКАТОР ВЕРСИИ
контрольное поле 20260409073534.0
010 ## - МЕЖДУНАРОДНЫЙ СТАНДАРТНЫЙ НОМЕР КНИГИ (ISBN)
Номер (ISBN) 978-5-86775-237-8
Тираж 10000
021 ## - НОМЕР ГОСУДАРСТВЕННОЙ РЕГИСТРАЦИИ
Код страны Российская Федерация
Номер 2008-36792
Номер Листа государственной регистраци 2024
021 ## - НОМЕР ГОСУДАРСТВЕННОЙ РЕГИСТРАЦИИ
Код страны Российская Федерация
Номер 2011-61771
Номер Листа государственной регистраци 4340
021 ## - НОМЕР ГОСУДАРСТВЕННОЙ РЕГИСТРАЦИИ
Код страны Российская Федерация
Номер 2012-42259
Номер Листа государственной регистраци 3129
021 ## - НОМЕР ГОСУДАРСТВЕННОЙ РЕГИСТРАЦИИ
Код страны Российская Федерация
Номер 2013-7851
Номер Листа государственной регистраци 567
035 ## - ДРУГИЕ СИСТЕМНЫЕ НОМЕРА
Идентификатор записи (NLR Aleph) 001235746
100 ## - ДАННЫЕ ОБЩЕЙ ОБРАБОТКИ
Данные общей обработки 20080707d2008 |||y0rusy50 ca
101 0# - ЯЗЫК РЕСУРСА
Язык текста, звукозаписи и т.д. русский
102 ## - СТРАНА ПУБЛИКАЦИИ ИЛИ ПРОИЗВОДСТВА
Страна публикации Российская Федерация
105 ## - ПОЛЕ КОДИРОВАННЫХ ДАННЫХ: ТЕКСТОВЫЕ МАТЕРИАЛЫ, МОНОГРАФИЧЕСКИЕ
Кодированные данные о монографическом текстовом документе a |||||||||
200 1# - ЗАГЛАВИЕ И СВЕДЕНИЯ ОБ ОТВЕТСТВЕННОСТИ
Основное заглавие Чтение с увлечением
Сведения, относящиеся к заглавию для занятий с детьми от 6 до 7 лет
Первые сведения об ответственности [С. Сущевская]
210 ## - ПУБЛИКАЦИЯ, РАСПРОСТРАНЕНИЕ И ДР.
Место издания, распространения и т.д. Москва
Имя издателя, распространителя и т. д. Мозаика-Синтез
Дата издания, распространения и т.д. 2008
215 ## - ФИЗИЧЕСКАЯ ХАРАКТЕРИСТИКА
Специфическое обозначение материала и объем 16, [1] с., [4] л. цв. ил., наклеек
Другие сведения о физической характеристике цв. ил.
Размеры 29
225 1# - СЕРИЯ
Основное заглавие серии Школа семи гномов
Сведения, относящиеся к заглавию седьмой год
Обозначение тома 10.08
225 1# - СЕРИЯ
Основное заглавие серии Книжка с игрой и наклейками!
300 ## - ОБЩИЕ ПРИМЕЧАНИЯ
Текст примечания Авт. указан в вып.дан.
606 ## - НАИМЕНОВАНИЕ ТЕМЫ КАК ПРЕДМЕТ
-- rus
Наименование темы Дошкольники
Тематический подзаголовок Обучение чтению
-- ca
Идентификатор авторитетной/нормативной записи RU\NLR\auth\661265029
Системный номер авторитетной/нормативной записи 2089883
686 ## - ИНДЕКСЫ ДРУГИХ КЛАССИФИКАЦИЙ
Индекс Ч411.382.1
686 ## - ИНДЕКСЫ ДРУГИХ КЛАССИФИКАЦИЙ
Индекс Ч491.7
700 #1 - ИМЯ ЛИЦА - ПЕРВИЧНАЯ ОТВЕТСТВЕННОСТЬ
Начальный элемент ввода Сущевская
Часть имени, кроме начального элемента ввода С. А.
Расширение инициалов личного имени Светлана Александровна
Код отношения Автор
801 #0 - ИСТОЧНИК ЗАПИСИ
Страна Российская Федерация
Организация NLR
Дата составления 20050623
Правила каталогизации rcr
801 #1 - ИСТОЧНИК ЗАПИСИ
Страна Российская Федерация
Организация NLR
Дата составления 20050623
830 ## - ОБЩЕЕ ПРИМЕЧАНИЕ, СОСТАВЛЕННОЕ КАТАЛОГИЗАТОРОМ
Текст примечания Авт. по эк
942 ## - ДОПОЛНИТЕЛЬНЫЕ ЭЛЕМЕНТЫ ЗАПИСИ (АБИС)
Тип экземпляра АБИС Книга
980 ## - КОЛЛЕКЦИЯ
Название коллекции Национальная библиография
Экземпляры
Тип экземпляра Дата поступления Источник поступления Библиотека постоянного хранения Библиотека текущего хранения Место хранения Шифр хранения Штрих-код Статус экземпляра
Книга 07.07.2008 Обязательный экземпляр РНБ (Московский) РНБ (Московский) Русский книжный фонд: издания с 1957 года 2008-8/2085 2711648  
Книга 07.07.2008 Обязательный экземпляр РНБ (Московский) РНБ (Московский) Обменный фонд   2711649  
Книга 14.09.2011 Обязательный экземпляр РНБ (Московский) РНБ (Московский) Обменный фонд   3488505  
Книга 14.09.2011 Обязательный экземпляр РНБ (Московский) РНБ (Московский) Обменный фонд   3488506  
Книга 02.07.2012 Обязательный экземпляр РНБ (Московский) РНБ (Московский) Обменный фонд   3683083  
Книга 02.07.2012 Обязательный экземпляр РНБ (Московский) РНБ (Московский) Обменный фонд   3683084  
Книга 22.02.2013 Обязательный экземпляр РНБ (Московский) РНБ (Московский) Обменный фонд   3832926  
Книга 22.02.2013 Обязательный экземпляр РНБ (Московский) РНБ (Московский) Обменный фонд   3832927